Statistics for Which City in Alabama?

Click here to take the quiz!

General Stats

  • This quiz has been taken 168 times
  • The average score is 12 of 18

Answer Stats

DescriptionLetterCity% Correct
Most populous cityBBirmingham
99%
State capital of AlabamaMMontgomery
96%
Largest port of AlabamaMMobile
94%
Home to the flagship of University of AlabamaTTuscaloosa
88%
City where NASA rockets were developedHHuntsville
86%
The sports team of university-city is the greatest rival to of the aboveAAuburn
82%
City where three civil rights marches beganSSelma
80%
Home to a black college famous for airmenTTuskegee
80%
Where the state's oldest college is located - named for an European cityFFlorence
71%
Home to one of NASCAR's most famous tracksTTalladega
69%
Home to the state's fourth-largest university in enrolment - named for an ancient cityTTroy
56%
"The Peanut Capital of the World"DDothan
52%
Largest city in Russell county - it is also part of Georgia's Columbus metropolitan areaPPhenix City
46%
Popular seaside resort that is the southernmost settlement in AlabamaGGulf Shores
43%
Largest suburban city in AlabamaHHoover
43%
City on the Tennessee River where the former city of "Albany" merged withDDecatur
38%
Hometown of Harper Lee and Truman CapoteMMonroeville
33%
Fictional town in which "To Kill a Mockingbird" takes place - inspired by the aboveMMaycomb
19%

Score Distribution

Percentile by Number Answered

Percent of People with Each Score

Your Score History

You have not taken this quiz